000 00735nam a2200265 i 4500
001 C2-0252687
003 PPAK
005 20180727215827.0
008 031201s1968 si |||| ||||| | eng d
020 _a997164018X
040 _aPPAK
_beng
_cPPAK
_erda
082 0 4 _a808.831
_223
090 0 0 _a808.831
_bTWE
_dG
245 0 0 _aTwenty-two malaysian stories
264 1 _aSingapore :
_bHeinemann educational Books (Asia) ltd. ,
_c1968
300 _a238 pages ;
_c18 cm
336 _2rdacontent
_atext
337 _2rdamedia
_aunmediated
338 _2rdacarrier
_avolume
490 1 _aWritng in asia series
650 1 0 _aShort stories
700 0 _aLloyd Fernando,
_eeditor
830 0 _aWritng in asia series
942 _ddc
_cB
999 _c65683
_d65683